Africa property and construction handbook 2013.
| Format: | Book |
|---|---|
| Published: |
Johonnesburg:
AECOM,
2013.
|
| Subjects: |
| LEADER | 00436cam a2200145 7i4500 | ||
|---|---|---|---|
| 001 | 0000031819 | ||
| 005 | 20141014090000.0 | ||
| 020 | 0 | 0 | |a 9780620552448 |
| 090 | 0 | 0 | |a AFRI 690 |b AFR |
| 245 | 0 | 0 | |a Africa property and construction handbook 2013. |
| 260 | 0 | 0 | |a Johonnesburg: |b AECOM, |c 2013. |
| 300 | # | # | |a 93 p. |
| 650 | 0 | 0 | |a Construction industry -- |z Africa |
| 650 | 0 | 0 | |a Real estate -- |z Africa |
| 999 | |a 0000033809 |b Book |c Regions |e Business Information Centre | ||


